000 00837cab a2200253 4500
001 WB2846-41
008 090401t1992 xxu||||| |||| 00| 0 eng d
035 _a(Sirsi) u68740
041 _aeng
245 _aCreditors hold sway
260 _c1992
350 _a0
490 _aFinancial Times
_v23 November 1992, 17(1)
520 _aOlympia & York has successfully put off a creditors` meeting until the new year but creditors have stipulated that they should be free to seize their collateral if they do not agree with O&Y`s proposals.
650 _aInsolvency
_96247
650 _aOLYMPIA AND YORK
650 _aPROPERTY COMPANIES
650 _aTORONTO
650 _aUSA
690 _aPROPERTY-COMMERCIAL PROPERTY
690 _aMANAGEMENT-BUSINESS MANAGEMENT-PROFESSIONAL PRACTICE
942 _n0
948 _c04/03/1997
999 _c43139
_d43139